000 00900nam a2200205Ii 4500
003 JO-AjNU
008 230605s9999||||xx |||||||||||||| ||und||
040 _aJO-AjNU
_bara
_erda
_cJO-AjNU
041 _aara
050 1 4 _aLB3013.C5312 2005
100 3 _aكبة،زينب بسام مترجم/السيد سليمان،محمد طالب مراجع/Evertson,Carolyn M مؤلف/Emmer,Edmund م.مؤلف/Worsham,Murray E م.مؤلف/ ,
_eauthor
_922426
245 0 0 _aالإدارة الصفية لمدرسي المرحلة الثانوية=Classroom Management For Secondary Teachers
250 _aط6
264 3 1 _aالعين:دار الكتاب الجامعي،2005
300 _a354ص
336 _atext
_btxt
_2rdacontent
337 _aunmediated
_bn
_2rdamedia
338 _avolume
_bnc
_2rdacarrier
650 4 _aالفصول الدراسية-إدارة. الإدارة التعليمية
_922427
999 _aA7959
_c11527
_d11527